<?xml version="1.0" encoding="UTF-8"?>
<marc:record xmlns:marc="http://www.loc.gov/MARC21/slim">
   <marc:leader>00000nam a2200000 a 4500</marc:leader>
   <marc:datafield ind1="1" ind2=" " tag="100">
      <marc:subfield code="a">Weidenfeld, Ursula</marc:subfield>
      <marc:subfield code="4">aut</marc:subfield>
      <marc:subfield code="e">Verfasser/-in</marc:subfield>
   </marc:datafield>
   <marc:datafield ind1=" " ind2=" " tag="653">
      <marc:subfield code="a">Deutschland</marc:subfield>
   </marc:datafield>
   <marc:datafield ind1=" " ind2=" " tag="653">
      <marc:subfield code="a">Politik</marc:subfield>
   </marc:datafield>
   <marc:datafield ind1=" " ind2=" " tag="653">
      <marc:subfield code="a">Regierung</marc:subfield>
   </marc:datafield>
   <marc:datafield ind1=" " ind2=" " tag="653">
      <marc:subfield code="a">Bundeskanzler</marc:subfield>
   </marc:datafield>
   <marc:datafield ind1=" " ind2=" " tag="653">
      <marc:subfield code="a">Autor &lt;Deutschland&gt;</marc:subfield>
   </marc:datafield>
   <marc:datafield ind1="0" ind2="0" tag="245">
      <marc:subfield code="a">Die Kanzlerin</marc:subfield>
   </marc:datafield>
   <marc:datafield ind1="0" ind2="0" tag="245">
      <marc:subfield code="b">Porträt einer Epoche</marc:subfield>
   </marc:datafield>
   <marc:datafield ind1=" " ind2="1" tag="264">
      <marc:subfield code="b">Rowohlt Berlin</marc:subfield>
      <marc:subfield code="c">2021</marc:subfield>
   </marc:datafield>
   <marc:datafield ind1="1" ind2=" " tag="520">
      <marc:subfield code="a">

Die Kanzlerin
Porträt einer Epoche

Ursula Weidenfeld
gebundene Ausgabe
€ 22,90
eBook (ePUB)
€ 19,99
Hörbuch (CD)
€ 22,60
Hörbuch-Download
€ 19,99


Das mächtigste Amt der deutschen Politik hat noch niemand freiwillig aufgegeben – außer Angela Merkel. Bis zum Ende ihrer Amtszeit hat sie hohe Zustimmungswerte erhalten, immer wieder hat sie sich als Krisenmanagerin bewährt. Und so schätzen sie die Deutschen: Angela Merkel ist so pragmatisch, wie Helmut Schmidt es gerne gewesen wäre. Ideologien, Weltanschauungen, Grundsatzfragen interessieren sie wenig. Unaufgeregt schlachtete sie mehrere heilige Ku¨he der Christdemokraten, etwa die Wehrpflicht oder die Kernkraft. Kritiker warfen ihr deshalb vor, ihr einziges Programm sei es, Kanzlerin zu sein.

Und doch hat sie, ideologiefrei, visionslos, eine Ära der deutschen Politik geprägt: Die Jahre von 2005 bis 2021 sind eindeutig die Merkel-Jahre. Jetzt, da diese Ära zu Ende geht, ist es Zeit, sie genauer anzusehen: Was bleibt? Wurde da «nur» pragmatisch regiert, oder sind Entwicklungen in Gang gesetzt worden, die u¨ber den Tag hinausweisen? Ja, die gibt es, sagt Ursula Weidenfeld, und sie werden entscheidend sein fu¨r unsere nächsten Jahre.

Dieses Buch ist mehr als eine Bilanz. Es versucht, dem Phänomen Merkel gerecht zu werden – und zeichnet das Bild einer Frau, die Deutschland verändert hat.</marc:subfield>
   </marc:datafield>
   <marc:datafield ind1=" " ind2=" " tag="020">
      <marc:subfield code="a">9783737101233</marc:subfield>
      <marc:subfield code="9">9783737101233</marc:subfield>
   </marc:datafield>
</marc:record>
